[Event "32nd Rilton Cup"]
[Site "Stockholm SWE"]
[Date "2003.01.05"]
[Round "9.20"]
[White "Ernst, Thomas"]
[Black "Wikstroem, Joel"]
[Result "1/2-1/2"]
[WhiteElo "2450"]
[BlackElo "2185"]
[EventDate "2002.12.27"]
[PlyCount "68"]

1.e4 c5 2.Nf3 d6 3.d4 cxd4 4.Nxd4 Nf6 5.Nc3 a6 6.Bg5 e6 7.f4 Be7 8.Qf3 Qc7
9.O-O-O Nbd7 10.g4 b5 11.Bxf6 Nxf6 12.g5 Nd7 13.f5 Nc5 14.f6 gxf6 15.gxf6 
Bf8 16.Rg1 b4 17.Nd5 exd5 18.exd5 Bd7 19.Rg7 Qa5 20.Kb1 Bxg7 21.fxg7 Rg8 
22.Re1+ Kd8 23.Qxf7 b3 24.Qe7+ Kc7 25.Nxb3 Nxb3 26.cxb3 Rad8 27.Rc1+ Kb7 
28.Bh3 Qb5 29.Be6 Qd3+ 30.Ka1 Qe3 31.Kb1 Qe4+ 32.Ka1 Qe3 33.Kb1 Qe4+ 34.
Ka1 Qe3 1/2-1/2

[Event "32nd Rilton Cup"]
[Site "Stockholm SWE"]
[Date "2003.01.05"]
[Round "9.21"]
[White "Celander, Jesper"]
[Black "Aakesson, Ralf"]
[Result "0-1"]
[WhiteElo "2180"]
[BlackElo "2440"]
[EventDate "2002.12.27"]
[PlyCount "106"]

1.d4 Nf6 2.Nf3 e6 3.g3 b5 4.Bg2 Bb7 5.O-O c5 6.a4 b4 7.Nbd2 cxd4 8.Nb3 Be7
9.Nfxd4 Bxg2 10.Kxg2 O-O 11.Qd3 Qc7 12.Nb5 Qb7+ 13.Qf3 Qxf3+ 14.Kxf3 a6 
15.N3d4 Rc8 16.e4 Nc6 17.Nxc6 Rxc6 18.Nd4 Rc4 19.Rd1 d5 20.exd5 Nxd5 21.
Be3 Bf6 22.a5 Rac8 23.Ra4 Bxd4 24.Rxd4 Rxd4 25.Bxd4 Rxc2 26.Ke4 Rc1 27.Kd3
f6 28.h4 Kf7 29.Be3 Rf1 30.Bc5 b3 31.Bd4 Rc1 32.Rc4 Rd1+ 33.Ke2 Ra1 34.Bc3
Nxc3+ 35.Rxc3 Rxa5 36.Rxb3 Rb5 37.Rxb5 axb5 38.Kd3 Ke7 39.Ke4 Kd6 40.g4 
Kc5 41.f3 Kc4 42.g5 b4 43.h5 fxg5 44.Ke5 Kb3 45.Kxe6 Kxb2 46.Kf7 b3 47.
Kxg7 Kc3 48.Kxh7 b2 49.Kg7 b1=Q 50.h6 Qb7+ 51.Kg8 Qxf3 52.h7 Qa8+ 53.Kg7 
g4 0-1

[Event "32nd Rilton Cup"]
[Site "Stockholm SWE"]
[Date "2003.01.05"]
[Round "9.23"]
[White "Lindberg, Bengt"]
[Black "Norberg, Johan"]
[Result "1-0"]
[WhiteElo "2382"]
[BlackElo "2153"]
[EventDate "2002.12.27"]
[PlyCount "81"]

1.e4 g6 2.d4 Bg7 3.Nc3 c6 4.Bc4 d5 5.exd5 b5 6.Bb3 b4 7.Nce2 cxd5 8.Nf3 
Nf6 9.O-O O-O 10.a3 bxa3 11.Rxa3 Nbd7 12.Bf4 Bb7 13.Qd3 a6 14.Rfa1 Rc8 15.
c3 Nb6 16.Ne5 Ne8 17.Qh3 Nc4 18.Bxc4 dxc4 19.Nd7 Nd6 20.Nxf8 Bxf8 21.Re1 
Qb6 22.Raa1 Rd8 23.Ng3 Qxb2 24.Rac1 Bc8 25.Qh4 Nf5 26.Nxf5 Bxf5 27.Bh6 
Bxh6 28.Qxh6 e6 29.h4 a5 30.h5 Rd5 31.hxg6 hxg6 32.g4 Bd3 33.Kg2 g5 34.
Rxe6 fxe6 35.Qxe6+ Kg7 36.Qe7+ Kg8 37.Re1 Bg6 38.Qf6 Qc2 39.Re7 Be4+ 40.
Kh2 a4 41.Qg7# 1-0

[Event "32nd Rilton Cup"]
[Site "Stockholm SWE"]
[Date "2003.01.05"]
[Round "9.24"]
[White "Aagaard, Jacob"]
[Black "Kulagin, Maxim"]
[Result "1-0"]
[WhiteElo "2371"]
[BlackElo "2049"]
[EventDate "2002.12.27"]
[PlyCount "41"]

1.e4 e6 2.d4 d5 3.Nd2 c5 4.exd5 exd5 5.Ngf3 Nc6 6.Bb5 Bd6 7.dxc5 Bxc5 8.
O-O Ne7 9.Nb3 Bd6 10.Re1 O-O 11.Bd3 h6 12.h3 Qc7 13.c3 a6 14.Be3 b6 15.Qd2
Rd8 16.Nbd4 Na5 17.Bxh6 gxh6 18.Qxh6 Ng6 19.Ng5 Be5 20.Bxg6 fxg6 21.Rxe5 
1-0